[Event "London Classic Open 2017"]
[Site "London ENG"]
[Date "2017.12.08"]
[Round "8.2"]
[White "Motylev, Alexander"]
[Black "Le Roux, Jean-Pierre"]
[Result "1-0"]
[WhiteTitle "GM"]
[BlackTitle "GM"]
[WhiteElo "2675"]
[BlackElo "2560"]
[WhiteFideId "4121830"]
[BlackFideId "609404"]
[EventDate "2017.12.02"]

1. e4 e5 2. Nf3 Nc6 3. Bb5 a6 4. Ba4 d6 5. O-O Bd7 6. d4 exd4 7. Bxc6 Bxc6 8.
Nxd4 Be7 9. Nxc6 bxc6 10. Qf3 Qd7 11. Bf4 Bf6 12. Nc3 Ne7 13. Qd3 Bxc3 14. Qxc3
O-O 15. Rad1 Qe6 16. Rfe1 c5 17. Bg3 Ng6 18. e5 dxe5 19. Bxe5 Nxe5 20. Rxe5 Qxa2
21. b3 Qa3 22. Rxc5 a5 23. g3 Rad8 24. Ra1 Qb4 25. Qxb4 axb4 26. Rxc7 g6 27.
Raa7 Rd4 28. Rab7 g5 29. Kf1 h6 30. Rc4 Rd2 31. Ke1 Rfd8 32. Rbxb4 1-0

[Event "London Classic Open 2017"]
[Site "London ENG"]
[Date "2017.12.08"]
[Round "8.3"]
[White "Handke, Florian"]
[Black "Sargissian, Gabriel"]
[Result "0-1"]
[WhiteTitle "GM"]
[BlackTitle "GM"]
[WhiteElo "2526"]
[BlackElo "2672"]
[WhiteFideId "4634527"]
[BlackFideId "13300881"]
[EventDate "2017.12.02"]

1. e4 c6 2. d4 d5 3. Nd2 dxe4 4. Nxe4 Bf5 5. Ng3 Bg6 6. h4 h6 7. Nf3 Nd7 8. h5
Bh7 9. Bd3 Bxd3 10. Qxd3 e6 11. Bd2 Ngf6 12. O-O-O Be7 13. Kb1 Qb6 14. Rhe1 O-O
15. Nf5 exf5 16. Rxe7 Qd8 17. Re2 Ne4 18. g3 Ndf6 19. Nh4 Qd7 20. Qf3 Qd5 21.
Be1 Rfe8 22. Re3 f4 23. Qxf4 Qxh5 24. Qf3 Qd5 25. Nf5 Re6 26. g4 Rae8 27. Qf4
Qd7 28. c4 b5 29. Rh3 Ng5 30. Rxh6 Re4 31. Qh2 Ngh7 32. Rxh7 Nxh7 33. Bc3 Rxg4
34. Ne3 Rg6 35. cxb5 cxb5 36. d5 Ng5 37. Qh4 Ne4 38. Bd4 Qe7 39. Qf4 Nd6 40. Ka1
Qe4 41. Qh2 Qf3 42. Rc1 Nf5 43. Nxf5 Qxf5 44. Be3 Qxd5 45. Rh1 f6 46. Qh7+ Kf7
47. Rc1 Re7 48. a3 a5 49. Qh4 Qf5 50. Qh8 b4 51. axb4 axb4 52. Qb8 Rg4 53. Bc5
Re8 54. Qb7+ Kg6 55. f3 Rg3 56. Bxb4 Qxf3 0-1

[Event "London Classic Open 2017"]
[Site "London ENG"]
[Date "2017.12.08"]
[Round "8.4"]
[White "Grandelius, Nils"]
[Black "Kotronias, Vasilios"]
[Result "1/2-1/2"]
[WhiteTitle "GM"]
[BlackTitle "GM"]
[WhiteElo "2647"]
[BlackElo "2524"]
[WhiteFideId "1710400"]
[BlackFideId "5900212"]
[EventDate "2017.12.02"]

1. d4 Nf6 2. c4 g6 3. Nc3 Bg7 4. e4 d6 5. h3 O-O 6. Be3 c5 7. Nf3 cxd4 8. Nxd4
b6 9. Qd2 Bb7 10. f3 Nc6 11. O-O-O Nxd4 12. Bxd4 a6 13. Kb1 Bc6 14. g4 Rb8 15.
h4 b5 16. h5 e6 17. hxg6 fxg6 18. g5 b4 19. gxf6 bxc3 20. Qxc3 Rxf6 21. Be2 Rf7
22. Bxg7 Rxg7 23. Rd2 a5 24. Rhd1 Rd7 25. Bf1 Qe7 26. Qxa5 Qf6 27. Be2 Rdb7 28.
b3 d5 29. Qc5 Ba4 30. Qd4 Bxb3 31. Qxf6 Bxd1+ 32. Rb2 Rxb2+ 33. Kc1 Bxe2 1/2-1/2

[Event "London Classic Open 2017"]
[Site "London ENG"]
[Date "2017.12.08"]
[Round "8.6"]
[White "Nihal, Sarin"]
[Black "Cornette, Matthieu"]
[Result "1/2-1/2"]
[WhiteTitle "IM"]
[BlackTitle "GM"]
[WhiteElo "2507"]
[BlackElo "2606"]
[WhiteFideId "25092340"]
[BlackFideId "620084"]
[EventDate "2017.12.02"]

1. d4 Nf6 2. c4 e6 3. Nc3 Bb4 4. Qc2 d5 5. cxd5 exd5 6. Bg5 h6 7. Bh4 c5 8. dxc5
g5 9. Bg3 Ne4 10. e3 Qa5 11. Rc1 Qxa2 12. Bb5+ Bd7 13. Bxd7+ Nxd7 14. Ne2 Nxc3
15. Nxc3 Qc4 16. Rd1 Qe4 17. Qd2 Qc4 18. Qxd5 Bxc3+ 19. bxc3 Qxc3+ 20. Kf1 O-O-O
21. Qxf7 Rhf8 22. Qa2 Nxc5 23. Ke2 Nb3 24. f3 Rfe8 25. Rhe1 Rxe3+ 26. Kf1 Rxe1+
27. Rxe1 a5 28. Bf2 b5 29. Kg1 Rd2 30. Qa3 Qb4 31. Qxb4 axb4 32. Rb1 Nd4 33. Be1
Rc2 34. Rxb4 Rc1 1/2-1/2

[Event "London Classic Open 2017"]
[Site "London ENG"]
[Date "2017.12.08"]
[Round "8.7"]
[White "Hawkins, Jonathan"]
[Black "Vakhidov, Jakhongir"]
[Result "1-0"]
[WhiteTitle "GM"]
[BlackTitle "GM"]
[WhiteElo "2579"]
[BlackElo "2500"]
[WhiteFideId "412686"]
[BlackFideId "14201801"]
[EventDate "2017.12.02"]

1. d4 Nf6 2. c4 g6 3. Nc3 d5 4. Nf3 Bg7 5. Qb3 dxc4 6. Qxc4 O-O 7. e4 Be6 8. d5
Bc8 9. Bf4 c6 10. Be2 cxd5 11. exd5 Ne8 12. O-O Nd7 13. Rfd1 Nd6 14. Qb3 a6 15.
Rac1 Qa5 16. a4 Nc5 17. Qa3 Bxc3 18. Rxc3 Qxa4 19. Qxa4 Nxa4 20. Rc7 Re8 21. b3
Nb6 22. Ne5 Rb8 23. Nc4 Nbxc4 24. bxc4 Bf5 25. c5 Ne4 26. Bf3 Nc3 27. Re1 Rbd8
28. Rxb7 Nxd5 29. Bh6 Bc8 30. Ra7 e5 31. c6 e4 32. Rxe4 Be6 33. h3 Rc8 34. Rxa6
Ne7 35. Rb4 Nf5 36. Bf4 Ne7 37. Rb7 Nf5 38. Ra4 Ne7 39. c7 Bd5 40. Bxd5 Nxd5 41.
Bd6 f5 42. Ra5 Nf6 43. Re5 1-0

[Event "London Classic Open 2017"]
[Site "London ENG"]
[Date "2017.12.08"]
[Round "8.8"]
[White "Vo, Thi Kim Phung"]
[Black "Moussard, Jules"]
[Result "1-0"]
[WhiteTitle "WGM"]
[BlackTitle "GM"]
[WhiteElo "2380"]
[BlackElo "2576"]
[WhiteFideId "12401838"]
[BlackFideId "642908"]
[EventDate "2017.12.02"]

1. d4 Nf6 2. c4 d6 3. Nf3 h6 4. Qc2 c6 5. h3 Qa5+ 6. Bd2 Qf5 7. Qb3 e5 8. g4 Qe6
9. Nc3 Nbd7 10. d5 Qe7 11. e4 Nc5 12. Qc2 a5 13. b3 g6 14. Be3 h5 15. g5 Nfd7
16. Nh4 Bg7 17. Rd1 Nf8 18. Rg1 Bd7 19. Qd2 Nh7 20. Bg2 Rd8 21. Bf1 O-O 22. Bxc5
dxc5 23. d6 Qe8 24. Na4 f6 25. gxf6 Rxf6 26. Qxa5 Ra8 27. Qxc5 Nf8 28. Qe3 Ne6
29. c5 Kh7 30. Nf3 Bh6 31. Qc3 Rf4 32. Be2 Rxe4 33. Qc2 Rexa4 34. bxa4 Nf4 35.
Ng5+ Kg7 36. h4 Qd8 37. Qb3 Nd5 38. Rxd5 cxd5 39. Bb5 Qe8 40. Qxd5 Bc6 41. d7
Qe7 42. Bxc6 Bxg5 43. Rxg5 1-0

[Event "London Classic Open 2017"]
[Site "London ENG"]
[Date "2017.12.08"]
[Round "8.9"]
[White "Donchenko, Alexander"]
[Black "Hambleton, Aman"]
[Result "1-0"]
[WhiteTitle "GM"]
[BlackTitle "IM"]
[WhiteElo "2569"]
[BlackElo "2474"]
[WhiteFideId "24603295"]
[BlackFideId "2606577"]
[EventDate "2017.12.02"]

1. c4 e5 2. g3 c6 3. Nf3 e4 4. Nd4 d5 5. cxd5 Qxd5 6. Nc2 Nf6 7. Nc3 Qe5 8. Bg2
Bf5 9. O-O Na6 10. Ne3 Bg6 11. d4 exd3 12. exd3 Qc7 13. d4 Be7 14. d5 O-O 15.
dxc6 bxc6 16. Qa4 Nc5 17. Qxc6 Qxc6 18. Bxc6 Rac8 19. Bg2 Nd3 20. Ned5 Nxd5 21.
Nxd5 Bc5 22. Be3 Rfe8 23. Bh3 Rcd8 24. Bxc5 Nxc5 25. Nf4 Rd2 26. Rac1 Bc2 27. b4
Na4 28. Bd7 Rb8 29. Rxc2 Rxc2 30. Bxa4 Rxa2 31. Bc6 Rxb4 32. Rd1 Rb8 33. Rd7 Rf8
34. h4 g6 35. Bd5 Ra1+ 36. Kg2 Ra3 37. Nh3 h6 38. Nf4 Ra6 39. Nd3 Rf6 40. Ne5 a5
41. Ng4 1-0

[Event "London Classic Open 2017"]
[Site "London ENG"]
[Date "2017.12.08"]
[Round "8.10"]
[White "Mikhalevski, Victor"]
[Black "Hector, Jonny"]
[Result "1/2-1/2"]
[WhiteTitle "GM"]
[BlackTitle "GM"]
[WhiteElo "2545"]
[BlackElo "2493"]
[WhiteFideId "2801914"]
[BlackFideId "1700090"]
[EventDate "2017.12.02"]

1. c4 e5 2. g3 Nf6 3. Bg2 c6 4. d4 e4 5. Nc3 d5 6. Bg5 Nbd7 7. cxd5 cxd5 8. Qb3
Bd6 9. Nh3 h6 10. Bf4 Nb6 11. Be5 Ng4 12. Bxg7 Rg8 13. Be5 Nxe5 14. dxe5 Bxe5
15. Rd1 Be6 16. Nxe4 Qe7 17. Nd2 O-O-O 18. Nf3 Bd6 19. Nd4 h5 20. O-O Kb8 21. e3
h4 22. Nf4 hxg3 23. hxg3 Rh8 24. Nb5 Bc5 25. Qc3 Bd7 26. Nc7 d4 27. exd4 Bd6 28.
Rfe1 Qg5 29. Qf3 Bc8 30. Nce6 fxe6 31. Nxe6 Qh6 32. Nxd8 Rxd8 33. Rc1 Qg7 34.
Re4 Nd5 35. Rce1 Nf6 36. Rh4 Ng4 37. Re4 Nf6 38. Re1 Rf8 39. Bh3 Bxh3 40. Rxh3
Ng4 41. Qd5 Bc7 42. Re2 Rd8 43. Qf3 Qxd4 44. Rh7 Ne5 45. Qe4 Qxe4 46. Rxe4 Nf3+
47. Kg2 Ng5 48. Rxc7 Kxc7 49. Re5 Nf7 50. Re2 Rd4 51. Re7+ Rd7 52. Re2 Kd8 53.
f4 Rd3 54. Kh3 Nd6 55. Kh4 Nf5+ 56. Kg4 Nxg3 57. Re1 Rd2 58. Kxg3 Rxb2 59. f5
Kd7 60. a4 Rb4 61. a5 Rb5 62. Kg4 Rxa5 63. f6 Ra2 64. Re7+ Kc6 65. f7 Rf2 66.
Kg5 Rg2+ 67. Kh5 Rh2+ 68. Kg4 Rf2 69. Kg5 Rg2+ 70. Kh6 Rh2+ 71. Kg7 Rg2+ 72. Kh7
Rh2+ 73. Kg8 Rg2+ 74. Kh8 Rh2+ 75. Kg7 Rg2+ 76. Kf8 Rf2 77. Re6+ Kd5 78. Ke7
Rxf7+ 79. Kxf7 b5 80. Ra6 b4 81. Rxa7 b3 82. Rc7 Kd4 83. Ke6 b2 84. Rb7 Kc3 85.
Kd5 Kc2 86. Kc4 b1=Q 87. Rxb1 Kxb1 1/2-1/2

[Event "London Classic Open 2017"]
[Site "London ENG"]
[Date "2017.12.08"]
[Round "8.11"]
[White "Fernandez, Daniel Howard"]
[Black "Houska, Jovanka"]
[Result "1/2-1/2"]
[WhiteTitle "GM"]
[BlackTitle "IM"]
[WhiteElo "2500"]
[BlackElo "2407"]
[WhiteFideId "5801605"]
[BlackFideId "405094"]
[EventDate "2017.12.02"]

1. e4 c6 2. f4 d5 3. d3 dxe4 4. dxe4 Qxd1+ 5. Kxd1 e5 6. fxe5 Bg4+ 7. Be2 Bxe2+
8. Kxe2 Nd7 9. Nf3 Ne7 10. Bf4 Ng6 11. Bg3 O-O-O 12. Nbd2 Re8 13. Rhf1 h5 14. h4
Rg8 15. Rae1 Bc5 16. c3 f6 17. b4 Bb6 18. exf6 gxf6 19. Nd4 Nge5 20. Nf5 Bc7 21.
Kd1 c5 22. Re2 cxb4 23. cxb4 Re6 24. Kc2 Rg4 25. Kb3 a5 26. a3 axb4 27. axb4 Nb8
28. Bxe5 Bxe5 29. Rc1+ Bc7 30. Nc4 Na6 31. Ka3 Kb8 32. b5 Bf4 33. Rd1 Nc5 34. b6
Rg8 35. g3 Be5 36. Nxe5 fxe5 37. Rd6 Rxd6 38. Nxd6 Rxg3+ 39. Kb4 Nd7 40. Nc4 Rg1
41. Rd2 Rb1+ 42. Ka5 Ra1+ 43. Kb5 Rb1+ 44. Nb2 Kc8 45. Rc2+ Kd8 46. Rg2 Ke7 47.
Ka5 Ra1+ 48. Kb5 Rb1 49. Ka5 Ra1+ 50. Kb4 Rb1 51. Rg7+ Ke8 52. Kb3 Nxb6 53. Rg5
Nd7 54. Rxh5 b5 55. Rh8+ Ke7 56. h5 Nc5+ 57. Ka3 Rh1 58. h6 Nxe4 59. Nd3 Rh3 60.
Kb4 Rxd3 61. h7 Rd4+ 62. Ka5 Nd6 63. Re8+ Nxe8 64. h8=Q Rd5 65. Qh7+ Kf6 66. Qg8
Rd8 67. Qh8+ Ke6 68. Qh3+ Ke7 69. Qh7+ Ke6 70. Qh3+ Ke7 71. Qf5 Rd5 72. Qh7+ Kf6
73. Kb6 b4 74. Qg8 Rd8 75. Kc5 b3 76. Qxb3 Rc8+ 77. Kd5 Rd8+ 78. Kc5 Rc8+ 79.
Kd5 Rd8+ 80. Kc6 Rd4 81. Qf3+ Rf4 82. Qh5 Ng7 83. Qh6+ Kf7 84. Kd5 Rf6 85. Qc1
Re6 86. Ke4 Kf6 87. Qf1+ Ke7 88. Qg1 Kf7 89. Qf2+ Ke7 90. Qe3 Kf7 91. Qg5 Kf8
92. Qh4 Kf7 93. Qd8 Kg6 94. Qf8 Kh7 95. Qf7 Kh6 96. Qxe6+ 1/2-1/2

[Event "London Classic Open 2017"]
[Site "London ENG"]
[Date "2017.12.08"]
[Round "8.12"]
[White "Cawdery, Daniel"]
[Black "Baenziger, Fabian"]
[Result "1-0"]
[WhiteTitle "IM"]
[BlackTitle "FM"]
[WhiteElo "2447"]
[BlackElo "2400"]
[WhiteFideId "14300249"]
[BlackFideId "1330110"]
[EventDate "2017.12.02"]

1. e4 c5 2. Nc3 Nc6 3. Bb5 Nd4 4. Bc4 g6 5. Nf3 Bg7 6. Nxd4 cxd4 7. Qf3 Nf6 8.
e5 dxc3 9. dxc3 O-O 10. exf6 Bxf6 11. O-O Rb8 12. Bh6 Re8 13. Qd5 e6 14. Qd6 Ra8
15. Rfe1 Be7 16. Qd4 Bf6 17. Qf4 Bg7 18. Rad1 Qf6 19. Bb5 Rd8 20. Bg5 Qxf4 21.
Bxf4 d5 22. Bc7 Bd7 23. Bxd8 Bxb5 24. Bg5 a5 25. Be3 a4 26. Bd4 h5 27. Bxg7 Kxg7
28. Rd4 Rc8 29. Rb4 Rc5 30. f4 a3 31. b3 Ba6 32. Re3 f6 33. Rd4 g5 34. fxg5 e5
35. gxf6+ Kxf6 36. Rd2 Ke6 37. Kf2 Rc7 38. Ke1 b5 39. Rg3 Bc8 40. Rf2 e4 41. b4
h4 42. Rg6+ Ke5 43. Rg5+ Ke6 44. Kd2 h3 45. g3 Rc4 46. Rg8 Ke5 47. Re8+ Be6 48.
Rb8 Bf5 49. Re8+ Be6 50. g4 e3+ 51. Kxe3 Rxg4 52. Kd2 Rg6 53. Ref8 Bd7 54. R8f3
Be6 55. Re3+ Kd6 56. Re1 Bd7 57. Rb1 Ke5 58. Rb3 Rg1 59. Rxa3 Bg4 60. Ra8 Rd1+
61. Ke3 Re1+ 62. Kd3 Rd1+ 63. Rd2 Bf5+ 64. Ke3 Re1+ 65. Re2 Ra1 66. Kf3+ Be4+
67. Kg3 Rg1+ 68. Kxh3 Kf4 69. Rf2+ Ke3 70. Raf8 Rg6 71. R8f6 Rg7 72. Rf8 Rg6 73.
Kh4 Rh6+ 74. Kg5 Rg6+ 75. Kh5 Rc6 76. h4 Rxc3 77. Kg5 Rc7 78. R8f7 Rc8 79. h5
Bxc2 80. h6 Be4 81. Rh2 Rg8+ 82. Kf6 Rg6+ 83. Ke7 Rg8 84. h7 Rh8 85. Kf6 d4 86.
Rh3+ Ke2 87. Re7 1-0

[Event "London Classic Open 2017"]
[Site "London ENG"]
[Date "2017.12.08"]
[Round "8.13"]
[White "McDonald, Neil"]
[Black "Cherniaev, Alexander"]
[Result "1/2-1/2"]
[WhiteTitle "GM"]
[BlackTitle "GM"]
[WhiteElo "2397"]
[BlackElo "2436"]
[WhiteFideId "400629"]
[BlackFideId "4117301"]
[EventDate "2017.12.02"]

1. e4 g6 2. d4 Bg7 3. Nc3 c6 4. Be3 d5 5. f3 Qb6 6. exd5 Qxb2 7. Nge2 Nf6 8.
dxc6 bxc6 9. Rb1 Qa3 10. Qd2 Ba6 11. Nf4 Bxf1 12. Rxf1 O-O 13. Kf2 Rd8 14. Rb3
Qd6 15. Rd1 Nbd7 16. g3 Qc7 17. Qe2 Nb6 18. Kg2 Nfd5 19. Nfxd5 cxd5 20. Bf4 Qd7
21. h4 Rac8 22. h5 Rc4 23. h6 Bf8 24. g4 Rdc8 25. Rd3 R8c6 26. Kg3 Qc8 27. Qe3
Qd7 28. Kh3 f6 29. Bg3 g5 30. a4 Bxh6 31. a5 Nc8 32. Rb8 Bf8 33. Nb5 Rxc2 34.
Na3 Rc1 35. Rdb3 Rh1+ 36. Kg2 Rcc1 37. R3b7 Qa4 38. Rxc8 Rxc8 39. Kxh1 Qd1+ 40.
Kg2 Rc1 41. Qe1 Qxe1 42. Bxe1 Rxe1 43. Rxa7 Re2+ 44. Kf1 Ra2 45. Nb5 e5 46. Nc3
Ra1+ 47. Ke2 exd4 48. Nxd5 Bd6 49. Nxf6+ Kf8 50. Nxh7+ Ke8 51. Nf6+ Kf8 52. Ne4
Bf4 53. Nc5 Be3 54. a6 Bg1 55. Kd3 Ra3+ 56. Ke4 Re3+ 57. Kf5 Rxf3+ 58. Kg6 d3
59. Ra8+ Ke7 60. Ne4 Rf1 61. Rb8 Ra1 62. Rb7+ Ke6 63. Nxg5+ Kd5 64. Rd7+ Kc4 65.
Nf3 Kc3 66. Rc7+ Kb2 67. Rb7+ Kc3 68. Rc7+ Kb2 69. Kh5 Be3 70. Rb7+ Kc3 71. Rc7+
Kb2 72. g5 Rxa6 73. Ne5 Kb1 74. Nxd3 Ra5 75. Rb7+ Ka1 76. Nb4 Bxg5 77. Nc2+ Ka2
78. Nb4+ Ka1 79. Nc2+ 1/2-1/2

[Event "London Classic Open 2017"]
[Site "London ENG"]
[Date "2017.12.08"]
[Round "8.15"]
[White "Krishna Teja, N"]
[Black "Henderson de La Fuente, Lance"]
[Result "1/2-1/2"]
[WhiteTitle "IM"]
[WhiteElo "2368"]
[BlackElo "2419"]
[WhiteFideId "5001498"]
[BlackFideId "32096585"]
[EventDate "2017.12.02"]

1. d4 d5 2. c4 e6 3. Nc3 c6 4. e3 Nf6 5. Nf3 Nbd7 6. Qc2 Bd6 7. e4 e5 8. cxd5
cxd5 9. exd5 O-O 10. Be2 exd4 11. Nxd4 Nb6 12. Bg5 Nbxd5 1/2-1/2

[Event "London Classic Open 2017"]
[Site "London ENG"]
[Date "2017.12.08"]
[Round "8.16"]
[White "Globus, Or"]
[Black "Arkell, Keith C"]
[Result "1/2-1/2"]
[BlackTitle "GM"]
[WhiteElo "2253"]
[BlackElo "2416"]
[WhiteFideId "2816776"]
[BlackFideId "400270"]
[EventDate "2017.12.02"]

1. Nf3 Nf6 2. c4 c5 3. d4 cxd4 4. Nxd4 b6 5. f3 Bb7 6. e4 Nc6 7. Be3 e6 8. Nc3
Nxd4 9. Bxd4 Be7 10. Be2 O-O 11. O-O Qc7 12. Qd2 Bc5 13. Nb5 Qe5 14. Bxc5 bxc5
15. Nd6 Bc6 16. f4 Nxe4 17. fxe5 Nxd2 18. Rf4 Rab8 19. b3 f5 20. exf6 Rxf6 21.
Rxf6 gxf6 22. Rd1 Ne4 23. Nxe4 Bxe4 24. Rxd7 Rb7 25. Rd8+ Kf7 26. Bd3 Bxd3 27.
Rxd3 a5 28. Rd6 a4 29. Rc6 axb3 30. axb3 Rxb3 31. Rxc5 Rb2 32. Rc8 Rc2 33. c5 e5
34. c6 Kg6 35. Rg8+ Kh5 36. Rg7 Kh6 37. Rc7 Kg6 38. Rc8 Kf5 39. Rh8 Kf4 40. Rxh7
Ke3 41. h4 Rxc6 42. h5 f5 43. h6 e4 44. Rf7 Kf4 45. h7 Rh6 46. Rg7 Ke5 47. g4
fxg4 48. Kf2 Kf4 49. Rf7+ Kg5 50. Ke3 Kg6 51. Rf4 Kh5 52. Rf7 1/2-1/2

[Event "London Classic Open 2017"]
[Site "London ENG"]
[Date "2017.12.08"]
[Round "8.17"]
[White "Hansen, Torbjorn Ringdal"]
[Black "Gumularz, Szymon"]
[Result "0-1"]
[WhiteTitle "GM"]
[BlackTitle "FM"]
[WhiteElo "2408"]
[BlackElo "2376"]
[WhiteFideId "1501720"]
[BlackFideId "1188062"]
[EventDate "2017.12.02"]

1. e4 c6 2. Nc3 d5 3. Nf3 Nf6 4. e5 Ne4 5. Nb1 Qb6 6. d4 Bg4 7. Be2 e6 8. Ng1
Bxe2 9. Nxe2 f6 10. exf6 gxf6 11. Ng3 h5 12. Nc3 Nxc3 13. bxc3 Nd7 14. Nxh5
O-O-O 15. Nf4 Bd6 16. Be3 Rdg8 17. Nxe6 Rxg2 18. Qf3 Rhg8 19. Kd2 Qa5 20. Rab1
Nb6 21. Rxb6 axb6 22. h4 b5 23. Ng5 b4 24. Qxf6 bxc3+ 25. Ke2 Rf8 26. Qe6+ Kc7
27. Nf7 Ba3 28. Rb1 Kb8 29. Qxc6 Qc7 30. Bf4 Rxf2+ 31. Kxf2 Qxf4+ 32. Kg2 Qg4+ 0-1

[Event "London Classic Open 2017"]
[Site "London ENG"]
[Date "2017.12.08"]
[Round "8.18"]
[White "Jones, Gawain C B"]
[Black "Jackson, James P"]
[Result "1-0"]
[WhiteTitle "GM"]
[BlackTitle "FM"]
[WhiteElo "2654"]
[BlackElo "2314"]
[WhiteFideId "409561"]
[BlackFideId "416860"]
[EventDate "2017.12.02"]

1. e4 c5 2. Nf3 Nc6 3. Bb5 g6 4. Bxc6 bxc6 5. O-O Bg7 6. Re1 Nh6 7. c3 O-O 8. d4
cxd4 9. cxd4 d5 10. e5 Bg4 11. Nbd2 f6 12. h3 Bxf3 13. Nxf3 Nf7 14. Bf4 Qb6 15.
Qd2 fxe5 16. dxe5 e6 17. b4 a5 18. Nd4 Qxb4 19. Qxb4 axb4 20. Nxe6 Rfc8 21. Nxg7
Kxg7 22. e6 Nd8 23. Bd6 Kf6 24. e7 Ne6 25. Re3 Kf7 26. Rae1 Nd4 27. Bc5 Nf5 28.
Rf3 Ke8 29. g4 Nh4 30. Rf8+ Kd7 31. e8=Q+ Rxe8 32. Rf7+ Kd8 33. Bb6+ Kc8 34.
Rxe8# 1-0

[Event "London Classic Open 2017"]
[Site "London ENG"]
[Date "2017.12.08"]
[Round "8.19"]
[White "Beinoras, Mindaugas"]
[Black "Vishnu Prasanna, V"]
[Result "0-1"]
[WhiteTitle "IM"]
[BlackTitle "GM"]
[WhiteElo "2353"]
[BlackElo "2536"]
[WhiteFideId "12802085"]
[BlackFideId "5030692"]
[EventDate "2017.12.02"]

1. d4 Nf6 2. Bg5 c5 3. Bxf6 exf6 4. c3 d5 5. dxc5 Bxc5 6. e3 Nc6 7. Ne2 Qd6 8.
Nd2 Be6 9. Nb3 Bb6 10. Ned4 O-O 11. g3 Ne5 12. Bg2 Rad8 13. O-O Bg4 14. Qc2 Qd7
15. Nd2 h5 16. N2f3 Rfe8 17. Rfe1 g6 18. Nh4 Kg7 19. Bh1 Rc8 20. Bg2 Nc4 21.
Nhf3 Re7 22. Qb3 Rce8 23. Qc2 Ne5 24. Nh4 Bc5 25. Nb3 Bb6 26. Nd4 Bxd4 27. exd4
Nc4 28. Rxe7 Rxe7 29. Bf1 Qe8 30. b3 Nd6 31. Ng2 Bf3 32. Qd3 Be4 33. Qd1 b5 34.
h4 Rc7 35. Rc1 Qc8 36. f3 Bf5 37. Qd2 b4 38. c4 dxc4 39. Qxb4 cxb3 40. Rxc7 Qxc7
41. axb3 Be6 42. Ne3 Qc1 43. Kf2 Qb2+ 44. Kg1 Qxb3 45. Qd2 a5 46. Be2 a4 47. d5
Bd7 48. Bd1 Qb6 49. Kg2 a3 50. Qc3 a2 51. Nc2 Qb1 0-1

[Event "London Classic Open 2017"]
[Site "London ENG"]
[Date "2017.12.08"]
[Round "8.20"]
[White "Bellaiche, Anthony"]
[Black "Sowray, Peter J"]
[Result "0-1"]
[WhiteTitle "IM"]
[BlackTitle "FM"]
[WhiteElo "2499"]
[BlackElo "2357"]
[WhiteFideId "615668"]
[BlackFideId "400971"]
[EventDate "2017.12.02"]

1. d4 d5 2. c4 e6 3. Nc3 Nf6 4. cxd5 exd5 5. Bg5 c6 6. e3 Be7 7. Bd3 Nbd7 8.
Nge2 h6 9. Bf4 Nh5 10. Bg3 Nxg3 11. hxg3 Nb6 12. Nf4 Bf6 13. a4 Bd7 14. Qb3 Rb8
15. Kf1 Nc8 16. Re1 O-O 17. Bb1 Nd6 18. g4 Bxg4 19. f3 Bf5 20. e4 Nc4 21. Re2
Na5 22. Qc2 dxe4 23. Nxe4 Bg5 24. Nh3 b5 25. g4 Bxe4 26. Rxe4 Nc4 27. Kg2 f5 28.
gxf5 Nd6 29. Rg4 Nxf5 30. Qb3+ Qd5 31. Ba2 Ne3+ 32. Kg1 Rxf3 33. Nf2 Rbf8 34.
Rxg5 hxg5 35. axb5 Rg3+ 36. Kh2 Rg2+ 0-1

[Event "London Classic Open 2017"]
[Site "London ENG"]
[Date "2017.12.08"]
[Round "8.21"]
[White "Stauskas, Lukas"]
[Black "Gormally, Daniel W"]
[Result "0-1"]
[BlackTitle "GM"]
[WhiteElo "2349"]
[BlackElo "2477"]
[WhiteFideId "12808148"]
[BlackFideId "406465"]
[EventDate "2017.12.02"]

1. d4 Nf6 2. c4 e6 3. Nc3 Bb4 4. Qc2 O-O 5. e4 d6 6. a3 Bxc3+ 7. bxc3 e5 8. Bd3
c5 9. Ne2 Nc6 10. d5 Ne7 11. O-O Ng6 12. f3 h6 13. Kh1 Bd7 14. Rb1 Qc7 15. Bd2
b5 16. Rb2 bxc4 17. Bxc4 Rfb8 18. Rfb1 Rb6 19. Rxb6 axb6 20. Bc1 Ra5 21. Qd3 Nh5
22. g3 f5 23. exf5 e4 24. Qxe4 Nf6 25. Qc2 Ne5 26. Ba2 Nxf3 27. Nf4 c4 28. Be3
b5 29. Rf1 Ne5 30. Bb1 Rxa3 31. Bd4 Qb7 32. Qg2 Ra1 33. Kg1 Be8 34. h3 Bf7 35.
Be4 Rxf1+ 36. Kxf1 b4 37. cxb4 Qxb4 38. Qc2 c3 39. Ne2 Qc4 40. Bg2 Bxd5 41. Bxc3
Bxg2+ 42. Kxg2 Nd5 43. Qd2 Qe4+ 44. Kf2 Qf3+ 45. Kg1 Ne3 0-1

[Event "London Classic Open 2017"]
[Site "London ENG"]
[Date "2017.12.08"]
[Round "8.22"]
[White "Fenil, Shah"]
[Black "Bilguun, Sumiya"]
[Result "1/2-1/2"]
[WhiteTitle "FM"]
[BlackTitle "IM"]
[WhiteElo "2324"]
[BlackElo "2459"]
[WhiteFideId "5019850"]
[BlackFideId "4901541"]
[EventDate "2017.12.02"]

1. e4 c5 2. Nf3 e6 3. Nc3 a6 4. Be2 b5 5. O-O Bb7 6. d4 cxd4 7. Qxd4 Qc7 8. Bg5
Nc6 9. Qe3 Bd6 10. Rfd1 f6 11. Bh4 Bf4 12. Bg3 Bxe3 13. Bxc7 Rc8 14. Bd6 Bb6 15.
a4 b4 16. a5 Bxf2+ 17. Kxf2 bxc3 18. b4 Nh6 19. Ra3 Nf7 20. Rxc3 Nxd6 21. Rxd6
Ke7 22. Rd1 Na7 23. Rxc8 Rxc8 24. Nd4 g6 1/2-1/2

[Event "London Classic Open 2017"]
[Site "London ENG"]
[Date "2017.12.08"]
[Round "8.23"]
[White "Kett, Tim"]
[Black "Williams, Simon K"]
[Result "0-1"]
[BlackTitle "GM"]
[WhiteElo "2204"]
[BlackElo "2453"]
[WhiteFideId "1801210"]
[BlackFideId "404454"]
[EventDate "2017.12.02"]

1. e4 c5 2. Nf3 d6 3. d4 cxd4 4. Nxd4 Nf6 5. Nc3 g6 6. Be3 a6 7. f3 b5 8. Qd2
Bb7 9. O-O-O Nbd7 10. Kb1 Rc8 11. h4 Nb6 12. Bg5 Bg7 13. h5 Nxh5 14. Rxh5 gxh5
15. Nf5 Bf8 16. Be2 Qc7 17. f4 Qc5 18. Bf3 Nc4 19. Qd3 Nxb2 20. Kxb2 Qb4+ 21.
Kc1 Qxc3 22. Qe2 e6 23. Rxd6 Qa3+ 24. Kd1 Bxd6 25. e5 Bxf3 26. gxf3 Bf8 0-1

[Event "London Classic Open 2017"]
[Site "London ENG"]
[Date "2017.12.08"]
[Round "8.24"]
[White "Bartholomew, John"]
[Black "Quillan, Gary"]
[Result "1-0"]
[WhiteTitle "IM"]
[BlackTitle "IM"]
[WhiteElo "2448"]
[BlackElo "2344"]
[WhiteFideId "2019353"]
[BlackFideId "401153"]
[EventDate "2017.12.02"]

1. d4 e6 2. c4 Nf6 3. Nf3 c5 4. d5 exd5 5. cxd5 d6 6. Nc3 g6 7. Bf4 a6 8. a4 Bg7
9. h3 O-O 10. e3 Re8 11. Nd2 Nbd7 12. Be2 Ne5 13. O-O Nfd7 14. Qc2 f5 15. Bh2
Qe7 16. Rab1 Rf8 17. Rfe1 b6 18. f4 Nf7 19. e4 fxe4 20. Ndxe4 Nf6 21. Bd3 Nxe4
22. Nxe4 Qc7 23. Nd2 Nh6 24. Nf3 Nf5 25. Ng5 Nd4 26. Qd1 Bh6 27. Rc1 Qb7 28. Kh1
Bf5 29. Ne6 Bxe6 30. dxe6 Rf6 31. Qg4 Re8 32. Rcd1 d5 33. Re5 Bg7 34. Rde1 c4
35. Bb1 Rff8 36. Bxg6 hxg6 37. Qxg6 Qe7 38. Rh5 Rf6 39. Qh7+ Kf8 40. f5 Nc2 41.
Re2 Nd4 42. Re3 Nxe6 43. Rxe6 Rxe6 44. fxe6 Qxe6 45. Rf5+ Bf6 46. Bg3 Qc6 47.
Bh4 Re6 48. Qg6 1-0